000 00883nam a2200265Ia 4500
003 OSt
005 20220923214807.0
006 a|||||r|||| 00| 0
007 ta
008 220922b |||||||| |||| 00| 0 hin d
024 _a172,920
037 _cTextual
040 _aARTS
_cARTS
_bhin
041 _2hin
_ahin
082 _aO152,6N06x, J2;L6
100 _aद्विवेदी, हजारी प्रसाद
245 0 _aअशोक के फूल
246 _aAshok ke fūla
250 _aसंस्क0 11
260 _aइलाहाबाद
_b लोक भारती प्रकाशन
_c1952
300 _a203 पृ.
_ccm.
650 _aहिन्दी साहित्य
_9156264
942 _hO152,6N06x, J2;L6
_cTEXL
_2CC
999 _c326827
_d326827